| 000 | 01148nas a2200277 i 4500 | ||
|---|---|---|---|
| 001 | 000046702 | ||
| 005 | 20260311091030.0 | ||
| 007 | ta | ||
| 008 | 260311s2024 dr a p|r| || | spa d | ||
| 040 |
_aDO-SdBNP _bspa _cBNPHU _erda |
||
| 041 | _hspa | ||
| 110 |
_aAsociación Dominicana de Constructores y Promotores de Viviendas (ACOPROVI) _982375 |
||
| 245 | 0 |
_aACOPROVI : _bAsociación Dominicana de Constructores y Promotores de Viviendas. |
|
| 264 |
_aSanto Domingo, República Dominicana : _bAsociación Dominicana de Constructores y Promotores de Viviendas (ACOPROVI), _c2024. |
||
| 300 |
_avolumen : _bilustraciones, fotografías, gráficas ; _c30 cm. |
||
| 310 | _aAnual. | ||
| 336 |
_atexto _btxt _2rdacontent |
||
| 337 |
_asin mediación _bn _2rdamedia |
||
| 338 |
_avolumen _bnc _2rdacarrier |
||
| 362 | _aVolumen 7, 2024. | ||
| 500 | _aCatalogación basada en el: Volumen 7, 2024. | ||
| 590 | _aInventariado,2018/DG | ||
| 650 | 0 |
_aViviendas _vPublicaciones periódicas _zRepública Dominicana _985462 |
|
| 650 | 0 |
_aConstrucción de viviendas _vPublicaciones periódicas _zRepública Dominicana _912286 |
|
| 942 |
_2ddc _cISSUE |
||
| 999 |
_c60479 _d60479 |
||